000 00844nam a2200217 a 4500
008 111206s1985 ||||||||||||||||| || u
020 _a0721696260
050 _aRC 46 Cec
100 _aSmith, Lloyd H., 1924-
245 1 0 _aCecil textbook of medicine. (17th ed.)
_cedited by James B. Wyngaarden and Lloyd H. Smith
246 _aTextbook of medicine
250 _a17th ed.
260 _aPhiladelphia, PA:
_bW.B. Saunders
_c1985
300 _a[various pagings]: ill.
350 _a0.00
650 _aINTERNAL MEDICINE
650 _aMEDICINE
700 _aCecil, Russel L. ( Russel La Fayette), 1881-1965
700 _aWyngaarden, James B., 1924-
995 _aMEDICAL LIBRARY OPEN ACCESS
_D0.00
_e901435
_FCBU-SCHOOL OF MEDICINE LIBRARY (Ndola)
_H1
_I0.00
_jRC 46 CEC
_M1
_UAVAILABLE
_WDec 6, 2011
_y901435
_ZMedical Library Open Access Collection
999 _c30948
_d30948